<?xml version="1.0" encoding="UTF-8"?>
<marc:record xmlns:marc="http://www.loc.gov/MARC21/slim">
   <marc:leader>00000nam a2200000 a 4500</marc:leader>
   <marc:datafield ind1="1" ind2=" " tag="100">
      <marc:subfield code="a">Sanders, Julia</marc:subfield>
      <marc:subfield code="4">aut</marc:subfield>
      <marc:subfield code="e">Verfasser/-in</marc:subfield>
   </marc:datafield>
   <marc:datafield ind1="0" ind2="0" tag="245">
      <marc:subfield code="a">Wie Feuer und Eis</marc:subfield>
   </marc:datafield>
   <marc:datafield ind1="0" ind2="0" tag="245">
      <marc:subfield code="b">Liebe auf Umwegen</marc:subfield>
   </marc:datafield>
   <marc:datafield ind1=" " ind2="1" tag="264">
      <marc:subfield code="b">Independently published</marc:subfield>
      <marc:subfield code="c">2020</marc:subfield>
   </marc:datafield>
   <marc:datafield ind1="1" ind2=" " tag="490">
      <marc:subfield code="a">Liebe auf Umwegen</marc:subfield>
   </marc:datafield>
   <marc:datafield ind1="1" ind2=" " tag="520">
      <marc:subfield code="a">? Attraktiv, erfolgreich, neureich - das alles ist Manuel. Aufgewachsen in einfachsten Verhältnissen hat er sich seinen Weg ganz nach oben erkämpft und nie wieder zurückgeschaut. Doch die Nachricht vom Tod seines Vaters soll seinem Leben eine ganz neue Richtung geben.  Auf seiner Reise in die Vergangenheit trifft er auf eine Frau, die weiß was sie will und seine Lebenswirklichkeit mit ihren Idealen in Frage stellt. Im Einsatz für die Pferde auf ihrem Gnadenhof ist Marie bereit alles zu tun, um Manuels Pläne zu vereiteln. Neben reichlich Donner liegt auch bald ein Knistern in der kühlen Winterluft.</marc:subfield>
   </marc:datafield>
   <marc:datafield ind1=" " ind2=" " tag="020">
      <marc:subfield code="a">9798621521448</marc:subfield>
      <marc:subfield code="9">9798621521448</marc:subfield>
   </marc:datafield>
</marc:record>
